000 00682nam a22001697a 4500
003 OSt
005 20220512210459.0
008 220512b |||||||| |||| 00| 0 sp d
040 _cCUSACQ
050 _a04 T (04) 2019
100 _aBaten Girón, Fredy Orlando.-
_91366
245 _aRendimiento de cuatro variedades del cultivo de cebolla (Allium cepa L) en la comunidad Paichal, del municipio de San Pedro Jocopilas del Departameto de Quiché.-/
_cFredy Orlando, Baten Girón.-
260 _aGuatemala:
_bUSAC- CUSACQ
_cC2019.
300 _a177 p.;
_bil.;
_c36 cm.
856 _uhttps://drive.google.com/file/d/1Cok2IxZr11mG2AbYyvhTCStRl_KuCN7Y/view?usp=sharing
942 _2ddc
_cTESIS
_n0
999 _c467
_d467